000 01271aam a2200361 i 4500
001 016293437
003 EG-ScBUE
005 20250702090209.0
008 130225t2014 njua f bd 001 0 eng d
020 _a9780321866288 (pbk.)
020 _a0321866282 (pbk.)
040 _aEG-ScBUE
_beng
_erda
_cEG-ScBUE
_dEG-ScBUE
082 0 4 _a540
_222
_bMCM
100 1 _aMcMurry, John,
_934522
_eauthor.
245 1 0 _aGeneral chemistry :
_batoms first /
_cJohn E. McMurry, Cornell University, Robert C. Fay, Cornell University.
250 _aSecond edition.
250 _aInternational edition.
264 1 _aUpper Saddle River, New Jersey :
_bPearson,
_c[2014]
264 4 _cc2014
300 _a1 volume (various pagings) :
_billustrations (some color) ;
_c28 cm
336 _2rdacontent
_atext
_btxt
337 _aunmediated
_2rdamedia
_bn
338 _avolume
_bnc
_2rdacarrier
500 _aIncludes glossary.
500 _aIncludes appendixes.
504 _aIncludes bibliographical references and index.
650 7 _aChemistry
_vTextbooks.
_920629
_2BUEsh
650 7 _aChemistry
_96011
_xProblems, exercises, etc.
_2BUEsh
653 _bPPhrm
_cNovember2014
655 _vReading book
_934232
700 1 _aFay, Robert C.,
_d1936-
_936549
_eauthor.
942 _2ddc
_cBB
999 _c18626
_d18598